The land and natural development (LAND) code : (Record no. 4896)
[ view plain ]
| 000 -LEADER | |
|---|---|
| fixed length control field | 01999nac a22002771u 4500 |
| 010 ## - LIBRARY OF CONGRESS CONTROL NUMBER | |
| LC control number | 2006027160 |
| 020 ## - INTERNATIONAL STANDARD BOOK NUMBER | |
| International Standard Book Number | 0470049847 (cloth : alk. paper) |
| 020 ## - INTERNATIONAL STANDARD BOOK NUMBER | |
| International Standard Book Number | 9780470049846 : |
| 082 00 - DEWEY DECIMAL CLASSIFICATION NUMBER | |
| Classification number | 333.77 |
| Item number | B194 |
| 090 ## - LOCALLY ASSIGNED LC-TYPE CALL NUMBER (OCLC); LOCAL CALL NUMBER (OCLC) | |
| -- | 4896 |
| -- | 4896 |
| 100 ## - MAIN ENTRY--PERSONAL NAME | |
| Personal name | Balmori, Diana |
| 245 14 - TITLE STATEMENT | |
| Title | The land and natural development (LAND) code : |
| Remainder of title | guidelines for environmentally sustainable land development / |
| Statement of responsibility, etc | Diana Balmori, Gaboury Benoit. |
| 260 ## - PUBLICATION, DISTRIBUTION, ETC. (IMPRINT) | |
| Place of publication, distribution, etc | Hoboken, N.J. : |
| Name of publisher, distributor, etc | John Wiley & Sons, Inc.,c2007. |
| Date of publication, distribution, etc | c2007. |
| 300 ## - PHYSICAL DESCRIPTION | |
| Extent | ix 243 p. |
| Dimensions | 22 cm. |
| 500 ## - GENERAL NOTE | |
| General note | "Published simultaneously in Canada." |
| 504 ## - BIBLIOGRAPHY, ETC. NOTE | |
| Bibliography, etc | Includes bibliographical references and index |
| 505 0# - FORMATTED CONTENTS NOTE | |
| Formatted contents note | Introduction -- Water -- Site drainage -- Impervious surfaces -- Stormwater quality -- Water conservation and reuse -- Soils -- Erosion prevention and control -- Soil health and integrity -- Air quality and microclimate -- Living resources -- Living resources conservation plan -- Preserving and restoring habitat -- Buffering critical habitat -- Landscape connectivity -- Road placement and design -- Native species and landscape heterogeneity -- Selected resources for identifying native and invasive species -- Energy -- Industrial ecology and materials -- Additional resources -- Materials exchange websites by state where available -- Environmental engineering -- The different paths to sustainability -- Points checklist -- Glossary -- References. |
| 650 #0 - SUBJECT ADDED ENTRY--TOPICAL TERM | |
| Topical term or geographic name as entry element | Real estate development |
| General subdivision | Environmental aspects |
| Geographic subdivision | United States. |
| 650 #0 - SUBJECT ADDED ENTRY--TOPICAL TERM | |
| Topical term or geographic name as entry element | Land use |
| General subdivision | Environmental aspects |
| Geographic subdivision | United States. |
| 650 #0 - SUBJECT ADDED ENTRY--TOPICAL TERM | |
| Topical term or geographic name as entry element | Building |
| General subdivision | Environmental aspects |
| Geographic subdivision | United States. |
| 650 #0 - SUBJECT ADDED ENTRY--TOPICAL TERM | |
| Topical term or geographic name as entry element | Sustainable development |
| Geographic subdivision | United States. |
| 700 1# - ADDED ENTRY--PERSONAL NAME | |
| Personal name | Benoit, Gaboury. |
| 856 41 - ELECTRONIC LOCATION AND ACCESS | |
| Materials specified | Table of contents only |
| Uniform Resource Identifier | <a href="http://www.loc.gov/catdir/toc/ecip0619/2006027160.html">http://www.loc.gov/catdir/toc/ecip0619/2006027160.html</a> |
| 942 ## - ADDED ENTRY ELEMENTS (KOHA) | |
| Item type | |
| Call number prefix | 333.77B194 |
| Withdrawn status | Item status | Damaged status | Not for loan | Home library | Current library | Shelving location | Date acquired | Source of acquisition | Total Checkouts | Total Renewals | Full call number | Barcode | Date last seen | Date last borrowed | Koha item type |
|---|---|---|---|---|---|---|---|---|---|---|---|---|---|---|---|
| Central Library | Central Library | First floor | 27/09/2007 | Purchase | 4 | 42 | 333.77 BAL | 000006109 | 15/07/2025 | 05/08/2018 | Book - Borrowing |